000 00462nam a22001697a 4500
003 NUST - PNEC
005 20170116180906.0
008 150902b xxu||||| |||| 00| 0 eng d
020 _a0852263422
040 _cLIBRARY
082 _a620.106 GUP
100 _96678
_aGupta, Vijay, Professor
245 _aFluid mechanics and its applications
_c Vijay Gupta and Santosh K. Gupta
260 _cc.1984
650 _96681
_aFluid mechanics
_xME
942 _2ddc
_cBK
999 _c65110
_d65110